00851nam a2200205 a 4500001001000000003000900010005001700019008004100036020001500077040002500092082002100117100003600138245007000174260004500244300002100289500006900310504003200379505022300411650001100634000030159DO-SdBNP20240425132702.0110503s1998 dr r 000 0 spa d a8492362006 aDO-SdBNPbspacBNPHU 4a332.1bA696b2221 aArias, José Adalberto,d1951-10aBanca especializada Vs. Banca Multiple /cJosé Adalberto Arias. aSanto Domingo :bAmigo del Hogar,c1998. a245 p. ;c24 cm. aIncluye referencias bibliográficas y notas al pie de páginas aBibliografía : p. 243-245 aNociones preliminares 19 -- La banca especializada (marco operacional y descriptivo) 27 -- Banca múltiple o banca universal 85 -- Banca especializada vs banca múltiple (análisis complementario y perspectivas) 215 0aBancos